00346pab a2200121 454500008004000000100003600040245004000076260000900116300001300125362000800138650001800146773006000164180718b2014 xxu||||| |||| 00| 0 eng d aQuddusi, Kazi S.M. Khasrul Alam aEvolution of globalization analysis c2014 ap.39-54. aMar aGlobalization aIASSI Quarterly - Contribution to Indian Social Science